| 000 | 00500nam a2200121Ia 4500 | ||
|---|---|---|---|
| 008 | 220620s9999||||xx |||||||||||||| ||und|| | ||
| 100 | _aKaufmann, Mareile | ||
| 245 | 0 |
_aChapter 7 Who connects the dots? _bAgents and agency in predictive policing |
|
| 546 | _aEnglish[eng] | ||
| 650 | _aagency||blockchain drones||international relations||policing||security||technology||weapons systems | ||
| 856 | _uhttps://library.oapen.org/bitstream/20.500.12657/37353/1/9781138615397_OA_Chapter7.pdf | ||
| 942 | _cEB | ||
| 999 |
_c33605 _d33605 |
||